Größte Orte in Rheinland-Pfalz A-Z - Statistiken

Allgemein
  • Dieses Quiz wurde 106 mal gespielt
  • Das Durchschnittsergebnis liegt bei 15 aus 24
Antwortstatistiken
Landkreis Einwohnerzahl Ort % Korrekt
M kreisfrei 220.552 Mainz
97%
K kreisfrei 115.268 Koblenz
95%
T kreisfrei 112.195 Trier
95%
W kreisfrei 84.646 Worms
90%
P kreisfrei 40.682 Pirmasens
81%
N keine Hinweise, das wäre sonst zu einfach 65.986 Neuwied
80%
B keine Hinweise, das wäre sonst zu einfach 52.529 Bad Kreuznach
79%
S kreisfrei 51.368 Speyer
79%
Z kreisfrei 34.534 Zweibrücken
78%
L kreisfrei 174.265 Ludwigshafen am Rhein
77%
C keine Hinweise, das wäre sonst zu einfach 5.288 Cochem
76%
I Mainz-Bingen 36.002 Ingelheim am Rhein
71%
A Mayen-Koblenz 30.277 Andernach
67%
F kreisfrei 49.051 Frankenthal (Pfalz)
66%
G keine Hinweise, das wäre sonst zu einfach 21.099 Germersheim
66%
D Rhein-Lahn 11.211 Diez
50%
H Bad Dürkheim 20.387 Haßloch
47%
R Ahrweiler 17.426 Remagen
47%
V Mayen-Koblenz 9.151 Vallendar
40%
U Neuwied 5.038 Unkel
33%
E Donnersberg 9.362 Eisenberg (Pfalz)
31%
O Alzey-Worms 9.736 Osthofen
31%
J Germersheim 7.592 Jockgrim
26%
Q Kaiserslautern 2.823 Queidersbach
23%
Keine übereinstimmenden Quizze gefunden
Verteilung der Resultate
Anzahl Personen mit jedem Resultat
Perzentil nach korrekt beantworteten Fragen
Ihre Resultats-Entwicklung
Sie haben dieses Quiz noch nicht gespielt